000 00295nam a2200121Ia 4500
008 190216s9999||||xx |||||||||||||| ||und||
100 _aVikram Sarabhai
245 0 _aManagement For Development
260 _bNew Central Book Agencies
_c1974
300 _a132p
650 _aCommerce
942 _cBK
999 _c4537
_d4537